000 00585nam a2200181 i 4500
001 86454
003 ES-MaACL
005 20240127063003.0
007 t|
008 041210s1943 sp ||||1| spa d
100 1 _aKant, Immanuel,
_d1724-1804
_9222608
245 1 0 _aSobre el saber filosófico /
_cImmanuel Kant ; traducción del alemán y prólogo de Julián Marías.
260 _aMadrid :
_bAdán,
_c1943 (
_fS. Aguirre)
300 _a176 p. ;
_c18 cm.
700 1 _aMarías, Julián,
_d1914-2005
_976688
852 _aES-MaACL
_jE-954
_bR.20542
999 _c86454
_d86454